A history of the English-speaking peoples / (Record no. 6117)
[ view plain ]
| 000 -LEADER | |
|---|---|
| fixed length control field | 00948nac a22002651i 4500 |
| 003 - CONTROL NUMBER IDENTIFIER | |
| control field | EG-ScBUE |
| 005 - DATE AND TIME OF LATEST TRANSACTION | |
| control field | 20240401093339.0 |
| 008 - FIXED-LENGTH DATA ELEMENTS--GENERAL INFORMATION | |
| fixed length control field | 100131m19561958nyu f 001 0 eng d |
| 040 ## - CATALOGING SOURCE | |
| Original cataloging agency | EG-ScBUE |
| Language of cataloging | eng |
| Description conventions | rda |
| Transcribing agency | EG-ScBUE |
| Modifying agency | EG-ScBUE |
| 043 ## - GEOGRAPHIC AREA CODE | |
| Geographic area code | e-uk--- |
| 082 04 - DEWEY DECIMAL CLASSIFICATION NUMBER | |
| Classification number | 942 |
| Item number | CHU |
| Edition number | 22 |
| 100 1# - MAIN ENTRY--PERSONAL NAME | |
| Personal name | Churchill, Winston, |
| Dates associated with a name | 1874-1965, |
| Relator term | author. |
| 9 (RLIN) | 10721 |
| 245 12 - TITLE STATEMENT | |
| Title | A history of the English-speaking peoples / |
| Statement of responsibility, etc | Winston S. Churchill. |
| 264 #1 - PUBLICATION, DISTRIBUTION, ETC. (IMPRINT) | |
| Place of publication, distribution, etc | New York : |
| Name of publisher, distributor, etc | Dodd, Mead & Company, |
| Date of publication, distribution, etc | 1956-1958. |
| 300 ## - PHYSICAL DESCRIPTION | |
| Extent | 4 volumes ; |
| Dimensions | 24 cm |
| 336 ## - CONTENT TYPE | |
| Source | rdacontent |
| Content type term | text |
| Content type code | txt |
| 337 ## - MEDIA TYPE | |
| Media type term | unmediated |
| Source | rdamedia |
| Media type code | n |
| 338 ## - CARRIER TYPE | |
| Carrier type term | volume |
| Carrier type code | nc |
| Source | rdacarrier |
| 500 ## - GENERAL NOTE | |
| General note | Includes index. |
| 505 0# - FORMATTED CONTENTS NOTE | |
| Formatted contents note | Volume 1. The birth of Britain -- Volume 2. The New World -- Volume 3. The age of revolution -- Volume 4. The great democracies. |
| 651 #7 - SUBJECT ADDED ENTRY--GEOGRAPHIC NAME | |
| Geographic name | Great Britain |
| General subdivision | History. |
| Source of heading or term | BUEsh |
| 655 ## - INDEX TERM--GENRE/FORM | |
| Form subdivision | Reading book |
| 942 ## - ADDED ENTRY ELEMENTS (KOHA) | |
| Koha item type | Book - Borrowing |
| Source of classification or shelving scheme | Dewey Decimal Classification |
| Withdrawn status | Lost status | Source of classification or shelving scheme | Damaged status | Not for loan | Collection code | Home library | Current library | Shelving location | Date acquired | Source of acquisition | Total Checkouts | Full call number | Barcode | Date last seen | Price effective from | Koha item type | Public note | Total Renewals | Date checked out |
|---|---|---|---|---|---|---|---|---|---|---|---|---|---|---|---|---|---|---|---|
| Dewey Decimal Classification | Donation-Gift | Central Library | Central Library | Second Floor | 21/01/2010 | Donation | 942 CHU | 000019453 | 15/07/2025 | 21/01/2010 | Book - Borrowing | V.2 | |||||||
| Dewey Decimal Classification | Donation-Gift | Central Library | Central Library | Second Floor | 31/01/2010 | Donation | 942 CHU | 000019436 | 15/07/2025 | 31/01/2010 | Book - Borrowing | V.3 | |||||||
| Dewey Decimal Classification | Donation-Gift | Central Library | Central Library | Second Floor | 31/01/2010 | Donation | 942 CHU | 000019481 | 15/07/2025 | 31/01/2010 | Book - Borrowing | V.4 | |||||||
| Dewey Decimal Classification | Donation-Gift | Central Library | Central Library | Second Floor | 10/08/2010 | Donation | 1 | 942 CHU | 000019271 | 15/07/2025 | 10/08/2010 | Book - Borrowing | V.1 | 41 | 21/11/2017 |